000 00563cam a2200169 4500
001 BIIH005843
008 1985 a spa
035 _aBIIH005843
050 4 _aF1321
_b.87 .3 A77 1985
245 4 _aLos Arreglos finales /
_celaborado por Francisco José Ruiz Cervantes.
260 _aOaxaca, México :
_bInstituto de Administración Pública de Oaxaca,
_c1985
300 _a38 p. ;
_c28 cm.
440 3 _aLa Revolución en Oaxaca 1900-1930
500 _a1 ejemplar
700 1 _aRuiz Cervantes, Francisco José, elab.
942 _2lcc
_cLIB
999 _c86483
_d86483